Feynman Física (Registro nro. 83167)
[ vista simple ]
| 000 -ENCABEZADO | |
|---|---|
| Número de control [NR] | 00838nam a22002417a 4500 |
| 008 - DE LONGITUD FIJA DE DATOS DE ELEMENTOS - INFORMACIÓN GENERAL | |
| Elementos de longitud fija [NR] | 130821s1987 xxu gr spa |
| 020 ## - NUMERO INTERNACIONAL NORMALIZADO PARA LIBROS [R] | |
| Número Internacional Normalizado del libro [NR] | 201066238 |
| 040 ## - FUENTE DE CATALOGACION [NR] | |
| Agencia de catalogación original [NR] | Co-BoUCM |
| Idioma de catalogación [NR] | spa |
| 041 00 - CODIGO DE IDIOMA [R] | |
| Código de idioma para texto/pista de sonido o título separado [R] | Español |
| 060 ## - SIGNATURA TOPOGRAFICA DE LA BIBLIOTECA NACIONAL DE MEDICINA (NLM) [R] | |
| Número clasificador [R] | QT 34 |
| 100 ## - ASIENTO PRINCIPAL--NOMBRE PERSONAL [NR] | |
| Nombre personal [NR] | Feynman, Richard |
| ID Autoridad | 170528 |
| 245 00 - MENCION DE TITULO [NR] | |
| Título [NR] | Feynman Física |
| Mención de responsabilidad, etc. [NR] | Richard Feynman |
| 260 ## - PUBLICACION, DISTRIBUCION, ETC. (PIE DE IMPRENTA) [R] | |
| Lugar de publicación, distribución, etc. [R] | Sacramento (California, Estados Unidos) |
| Nombre del editor, distribuidor, etc. [R] | Adisson-Wesley Iberoamericana |
| Fecha de publicación, distribución, etc. [R] | 1987 |
| 300 ## - DESCRIPCION FISICA [R] | |
| Extensión [R] | 3 volúmenes |
| 500 ## - NOTA GENERAL [R] | |
| Nota general [NR] | V.1 : Mecánica, radiación y calor. -- V.2 : Electromagnetismo y materia. -- V.3 : Mecánica cuántica. |
| 650 04 - ASIENTO SECUNDARIO DE MATERIA - TERMINO TEMATICO [R] | |
| Término temático o nombre geográfico como elemento de entrada [NR] | Ciencias naturales |
| 9 (RLIN) | 10813 |
| 650 04 - ASIENTO SECUNDARIO DE MATERIA - TERMINO TEMATICO [R] | |
| Término temático o nombre geográfico como elemento de entrada [NR] | Electromagnetismo |
| 9 (RLIN) | 13976 |
| 650 04 - ASIENTO SECUNDARIO DE MATERIA - TERMINO TEMATICO [R] | |
| Término temático o nombre geográfico como elemento de entrada [NR] | Física |
| 9 (RLIN) | 15907 |
| 650 04 - ASIENTO SECUNDARIO DE MATERIA - TERMINO TEMATICO [R] | |
| Término temático o nombre geográfico como elemento de entrada [NR] | Mecánica cuántica |
| 9 (RLIN) | 19100 |
| 700 ## - ASIENTO SECUNDARIO - NOMBRE PERSONAL [R] | |
| Nombre personal [NR] | Leighton, Robert B. |
| 9 (RLIN) | 170529 |
| 700 ## - ASIENTO SECUNDARIO - NOMBRE PERSONAL [R] | |
| Nombre personal [NR] | Sands, Matthew |
| 9 (RLIN) | 170530 |
| 942 ## - ELEMENTOS DE ENTRADA AGREGADOS (KOHA) | |
| Tipo de ítem principal el descrito en 300a | Libro |
| Tema principal | Ciencias puras |
| Edición | 1 |
| Parte restante de la signatura top. | F433f |
| Sistema de clasificación | NLM |
| Clasificación | QT 34 |
| Título oculto en OPAC | No |
| Fecha de último préstamo | Total préstamos | Total Renewals | Signatura topográfica | Código de barras | Última vez visto | Volúmen / Fascículo | Ejemplar | Price effective from | Tipo de ítem | Perdido | Sistema de clasificación | Dañado | No prestable | Tipo de ítem específico | Suprimido | Ubicación habitual | Ubicación actual | Localización | Fecha de creación | Forma de adquisición | Costo |
|---|---|---|---|---|---|---|---|---|---|---|---|---|---|---|---|---|---|---|---|---|---|
| 24/01/2024 | 86 | 5 | QT 34 F433f | 200006826 | 11/12/2025 | 1987 V.1 | Ej.1 | 03/02/2013 | Libro | NLM | Libro | Quinta de Mutis | Quinta de Mutis | 1er piso | 28/02/2003 | Donación | 0.00 |